| 000 | 01570nam a22003855i 4500 | ||
|---|---|---|---|
| 001 | 2688184 | ||
| 003 | EG-ScBUE | ||
| 005 | 20250622084213.0 | ||
| 008 | 750210r20081982enka f b 001 0 eng d | ||
| 020 | _a9780750633710 | ||
| 040 |
_aEG-ScBUE _beng _erda _cEG-ScBUE _dEG-ScBUE |
||
| 041 | 1 |
_aeng _hrus |
|
| 082 | 0 | 4 |
_a537.6 _bBER _222 |
| 100 | 1 |
_aBerestet︠s︡kiĭ, V. B. _q(Vladimir Borisovich) _eauthor. _938481 |
|
| 245 | 1 | 0 |
_aQuantum electrodynamics / _cV. B. Berestetskii, E. M. Lifshitz and L. P. Pitaevskii, Institute of Physical Problems ; translated from the Russian by J. B. Sykes and J. S. Bell. |
| 250 | _aSecond edition. | ||
| 250 | _aReprinted edition. | ||
| 264 | 1 |
_aOxford : _bButterworth-Heinemann, An Imprint of Elsevier, _c2008. |
|
| 300 |
_axv, 652 pages : _billustrations ; _c24 cm. |
||
| 336 |
_2rdacontent _atext _btxt |
||
| 337 |
_aunmediated _2rdamedia _bn |
||
| 338 |
_avolume _bnc _2rdacarrier |
||
| 490 | 0 |
_aCourse of theoretical physics ; _vvolume 4 |
|
| 500 | _aRev. ed. of: Relativistic quantum theory. 1st ed. 1971-1974. | ||
| 504 | _aIncludes bibliographical references and index. | ||
| 546 | _aText in English ; translated from the original Russian language. | ||
| 650 | 7 |
_aQuantum electrodynamics. _2BUEsh _931492 |
|
| 653 |
_bENGGEN _cOctober2015 |
||
| 655 | _vReading book | ||
| 700 | 1 |
_aLifshit︠s︡, E. M. _q(Evgeniĭ Mikhaĭlovich), _938483 _eauthor. |
|
| 700 | 1 |
_aPitaevskiĭ, L. P. _q(Lev Petrovich), _eauthor. |
|
| 700 | 1 |
_aSykes, J. B., _etranslator. |
|
| 700 | 1 |
_aBell, J. S., _etranslator. |
|
| 942 |
_2ddc _cBB |
||
| 999 |
_c20898 _d20870 |
||